Great battles of world war II : (Record no. 75582)

MARC details
000 -LEADER
fixed length control field 00623nam a22001817a 4500
005 - DATE AND TIME OF LATEST TRANSACTION
control field 20130529113042.0
010 ## - LCCN (DPL NO)
LC control number ENG-107138
020 ## - INTERNATIONAL STANDARD BOOK NUMBER
International Standard Book Number 9781445439648
Terms of availability 1295.00
035 ## - SYSTEM CONTROL NUMBER
System control number EN-90671
037 ## - SOURCE OF ACQUISITION
Source of stock number/acquisition DBAD/PUB
082 ## - DEWEY DECIMAL CLASSIFICATION NUMBER
Classification number 940.54
245 10 - TITLE STATEMENT
Title Great battles of world war II :
Statement of responsibility, etc edited by Chris Mann
Remainder of title decisive conflicts that have shaped history /
260 ## - PUBLICATION, DISTRIBUTION, ETC. (IMPRINT)
Place of publication, distribution, etc UK
Name of publisher, distributor, etc Parragon Books
Date of publication, distribution, etc 2011
270 ## - ADDRESS
Address Rhythm Book Distributors, Old no. 4, new no. 5, Jeenis Road, Saidapet
City Chennai
Postal code 600015
300 ## - PHYSICAL DESCRIPTION
Extent 240p.:
Dimensions 28cm(Hb)
Other physical details col.ill.
Accompanying material 1CD-ROM
700 ## - ADDED ENTRY--PERSONAL NAME
Personal name Mann, Chris
942 ## - ADDED ENTRY ELEMENTS (KOHA)
Source of classification or shelving scheme Dewey Decimal Classification
Item type English Books
Call number suffix GRE
Classification part 940.54
Holdings
Withdrawn status Lost status Not for loan Collection code Home library Current library Date acquired Source of acquisition Cost, normal purchase price Full call number Barcode Copy number Cost, replacement price Koha item type
    Not For Loan Non-fiction D.B.Act.Division Ashok Vihar 14/05/2013 DBAD/PUB 1295.00 940.54 GRE EN-90671 1 1295.00 English Books

© Delhi Public Library
Hit Counter
free hit counter